000 01273cam a22003377a 4500
003 CHAP
005 20220329133132.0
008 971013s1988 r 00010 d
010 _a2546
011 _a3518
035 _a2718
040 _cCHAP
082 _a378
_bM38
100 0 0 _aMartínez Rizo, Felipe.
_972455
245 1 4 _aLos primeros quince años
_b: innovación educativa y búsqueda de la calidad académica el caso de la Universidad Autónoma de Aguascalientes
260 _aAguascalientes, Ags. :
_bUniversidad Autónoma de Aguascalientes,
_c1988
300 _a426 p.
_b: ilus
500 _aD46-85
590 _aBATCH-UPD
_b10
_c20130110
_lUCH01
_h1618
590 _aBATCH-UPD
_b10
_c20130410
_lUCH01
_h1013
590 _aBATCH-UPD
_b10
_c20130914
_lUCH01
_h1932
590 _aCONVERSION
_b10
_c20130109
_lUCH01
_h1303
650 1 4 _aPolítica educativa
_xAguascalientes.
_990540
650 1 4 _aUniversidades
_xAdministración.
_9116596
650 1 4 _aUniversidades
_xAguascalientes.
_9116606
901 _aBK
942 _cLIBRO
949 _a378 M38
_bBC
_cLIBRO
_d33724000440657
_eLIBRO
_fc.3
_h80828
_i2718
_mD
_si
949 _a378 M38
_bBC
_cLIBRO
_d33724000440665
_eLIBRO
_h80826
_i2718
_mD
_si
949 _a378 M38
_bBC
_cLIBRO
_d33724000441259
_eLIBRO
_fc.2
_h80827
_i2718
_mD
_si
999 _c2546
_d2546